000
00273nam a22001217a 4500
020
_a
1-8464-6125-1
082
_a
823
_b
LAD/A
100
_a
LADY BIRD
245
_a
ANGELINA IN THE WINGS
260
_a
ENGLAND
_b
LADY BIRD
650
_a
ENGLISH SHORT STORY
_z
ENGLAND
942
_c
BK
999
_c
2085
_d
2085